BUILDING RULES : how local controls shape community environments and economies / (Record no. 6671)

MARC details
000 -LEADER
fixed length control field 00559nam a22001817a 4500
003 - CONTROL NUMBER IDENTIFIER
control field OSt
005 - DATE AND TIME OF LATEST TRANSACTION
control field 20240404090043.0
008 - FIXED-LENGTH DATA ELEMENTS--GENERAL INFORMATION
fixed length control field 240404b |||||||| |||| 00| 0 eng d
020 ## - INTERNATIONAL STANDARD BOOK NUMBER
International Standard Book Number 9780367314743
040 ## - CATALOGING SOURCE
Transcribing agency n
082 ## - DEWEY DECIMAL CLASSIFICATION NUMBER
Classification number 690.0218 W244 2019
100 ## - MAIN ENTRY--PERSONAL NAME
Personal name Warner, Kee
245 ## - TITLE STATEMENT
Title BUILDING RULES : how local controls shape community environments and economies /
Statement of responsibility, etc. KEE MOLOTCH, HARVEY WARNER
260 ## - PUBLICATION, DISTRIBUTION, ETC.
Name of publisher, distributor, etc. ROUTLEDGE, [S.l.], 2019
300 ## - PHYSICAL DESCRIPTION
Extent 204 p, 23 cm
650 ## - SUBJECT ADDED ENTRY--TOPICAL TERM
Geographic subdivision Administration locale Administration locale Californie
942 ## - ADDED ENTRY ELEMENTS (KOHA)
Source of classification or shelving scheme Dewey Decimal Classification
Koha item type English Book
Suppress in OPAC No
Holdings
Withdrawn status Lost status Source of classification or shelving scheme Damaged status Not for loan Home library Current library Date acquired Total Checkouts Full call number Barcode Date last seen Price effective from Koha item type
    Dewey Decimal Classification     CENTRAL TUWAIQ 04/04/2024   690.0218 W244 2019 1000000025054 04/04/2024 04/04/2024 English Book